La silla de ruedas y la actividad física

Saved in:
Bibliographic Details
Main Author: Campagnolle, Sergio Hugo (Author)
Format: Book
Language:Spanish
Published: Barcelona Paidotribo 1998
Series:Colección Educación Física Adaptada
Subjects:
Tags: Add Tag
No Tags, Be the first to tag this record!

MARC

LEADER 00000nam a2200000 a 4500
001 UCP3328
003 CL-VaPUC
008 990618e19980000SP |||||||||||||||||spa|d
082 0 4 |a 796.045  |b CAM  |2 21 
100 0 |a Campagnolle, Sergio Hugo  |e author  |9 430576 
245 1 3 |a La silla de ruedas y la actividad física 
300 |a 146 p 
942 |c BK 
945 |d 19990618 00:00:00  |a rbrito 
260 |a Barcelona  |b Paidotribo  |c 1998 
650 0 |a Educación física  |9 240893 
650 7 |a IMPEDIDOS FISICAMENTE  |2 CL-VaPUC  |9 307526 
583 |a last modification  |c 20170913 12:17:24  |k Rodrigo Vera 
490 0 |a Colección Educación Física Adaptada 
999 |c 281694  |d 281692 
952 |0 0  |1 0  |4 0  |6 796_045000000000000_CAM_1998  |7 0  |8 A  |9 322627  |a BIBEDU  |b BIBEDU  |d 2019-11-20  |i 3531376  |o 796.045 CAM 1998  |p 3531376  |r 2019-11-20  |w 2019-11-20  |y BK  |k EFI 
952 |0 0  |1 0  |4 0  |6 796_045000000000000_CAM_1998  |7 0  |8 A  |9 322628  |a BIBEDU  |b BIBEDU  |d 2019-11-20  |i 3608174  |o 796.045 CAM 1998  |p 3608174  |r 2019-11-20  |w 2019-11-20  |y BK  |k EFI